header

Erewhon (Record no. 127686)

MARC details
000 -LEADER
fixed length control field 01007nam a2200277Ia 4500
100 1# - MAIN ENTRY--AUTHOR NAME
Personal name Butler, Samuel,
245 10 - TITLE STATEMENT
Title Erewhon
260 ## - PUBLICATION, DISTRIBUTION, ETC. (IMPRINT)
Place of publication London :
Name of publisher Electric Book Co.,
Year of publication c2001.
300 ## - PHYSICAL DESCRIPTION
Number of Pages 284 p.
650 #0 - SUBJECT ADDED ENTRY--TOPICAL TERM
Topical Term Utopias.
Topical Term Science fiction, English.
856 40 - ELECTRONIC LOCATION AND ACCESS
Uniform Resource Identifier http://site.ebrary.com/lib/rucke/Doc?id=2001750

No items available.

© 2026 Rongo University
Contact us: librarian | system librarian | Rongo university